| 000 | 01932nam a2200373 i 4500 | ||
|---|---|---|---|
| 001 | 000048866 | ||
| 003 | DO-SdBNP | ||
| 005 | 20260305073952.0 | ||
| 007 | ta | ||
| 008 | 190424s2016 dr ac 000 0 spa d | ||
| 020 | _a9789945901634 | ||
| 040 |
_aDO-SdBNP _bspa _cBNPHU _erda |
||
| 041 | _aspa | ||
| 082 | 4 |
_axxxx _bD427s _222 |
|
| 100 | 1 |
_aDerby, Lauren, _eautor _4aut. _976308 |
|
| 245 | 1 | 3 |
_aLa seducción del dictador : _bpolítica e imaginación popular en la Era de Trujillo / _cLauren Derby ; traducción, Rosmina Valdés ; edición, Jesús R. Navarro Zerpa ; presentación, Frank Moya Pons. |
| 250 | _aprimera edición | ||
| 264 | 1 |
_aSanto Domingo : _bAcademia Dominicana de la Historia, _c2016. |
|
| 300 |
_a540 páginas : _bilustraciones, retratos ; _c24 cm. |
||
| 336 |
_atexto _btxt _2rdacontent |
||
| 337 |
_asin mediación _bn _2rdamedia |
||
| 338 |
_avolumen _bnc _2rdacarrier |
||
| 490 | 1 |
_aAcademia Dominicana de la Historia _v137 |
|
| 500 | _aIncluye datos biográficos del autor en la solapa de la contracubierta | ||
| 500 | _aIncluye referencias bibliográficas y notas al pie de las páginas | ||
| 500 | _aTraducido del título en inglés: The dictator's seduction: politics and the popular imagination in the Era of Trujillo | ||
| 504 | _aBibliografía : páginas 465-507 | ||
| 505 | 0 |
_aPresentación -- _tPrólogo -- _tAgradecimientos -- _tIntroducción -- _tLa Belle Époque dominicana de 1922 -- _tSan Zenón y la construcción de Ciudad Trujillo -- _tEl maestro de ceremonias -- _tEl jefe llama: "¡Compatriotas!" -- _tLa indumentaria hace el hombre -- _tLos dos cuerpos del dictador -- _tPapá Liborio y la moralidad de gobernar -- _tConclusión -- _tÍndice onomástico. |
|
| 590 | _aInventariado, 2019/LP | ||
| 700 | 1 |
_aValdés, Rosmina, _etraductor _4tr. _976309 |
|
| 700 | 1 |
_aNavarro Zerpa, Jesús R., _eeditor _4ed. _973422 |
|
| 700 | 1 |
_aMoya Pons, Frank, _d1944- _epresent. _92095 |
|
| 942 |
_2ddc _cLBS1 |
||
| 999 |
_c48354 _d48354 |
||